00379nam a22000977a 4500008004100000020001800041050002300059245012300082260005800205300001800263190516b xxu||||| |||| 00| 0 eng d a9789966082015 aBX 1405b.C38 2007 aThe sacrament of charity :bpost-synodal apostolic exhortation sacramentum caritatis of the Holy Father Benedict XVI / aNairobi,Kenya :bPaulines Publications Africa,c2006. a88p. ;c21cm.